| Tag |
First Indicator |
Second Indicator |
Subfields |
| LEADER |
00000cam a2200000 4500 |
| 001 |
in00000064641 |
| 005 |
20151007083355.0 |
| 008 |
761109s1962 miu b 00000 eng |
| 010 |
|
|
|a 62001415
|
| 035 |
|
|
|a (OCoLC)02547356
|
| 035 |
|
|
|9 AAF9268AM
|
| 040 |
|
|
|a DLC
|c DLM
|d TXA
|d UtOrBLW
|
| 049 |
|
|
|a TXAM
|
| 050 |
0 |
0 |
|a DT779.8.L8
|b C3
|
| 082 |
0 |
|
|a 321.168
|
| 092 |
|
|
|a 323.168
|b C156a
|
| 100 |
1 |
|
|a Callan, Edward,
|d 1917-2011.
|
| 245 |
1 |
0 |
|a Albert John Luthuli and the South African race conflict.
|
| 264 |
|
1 |
|a Kalamazoo :
|b Western Michigan University Press,
|c [1962]
|
| 300 |
|
|
|a 75 pages :
|b illustrations ;
|c 23 cm.
|
| 336 |
|
|
|a text
|b txt
|2 rdacontent
|
| 337 |
|
|
|a unmediated
|b n
|2 rdamedia
|
| 338 |
|
|
|a volume
|b nc
|2 rdacarrier
|
| 504 |
|
|
|a Includes bibliography.
|
| 600 |
1 |
0 |
|a Luthuli, A. J.
|q (Albert John),
|d 1898-1967.
|
| 651 |
|
0 |
|a South Africa
|x Race relations.
|
| 999 |
|
|
|a MARS
|
| 999 |
f |
f |
|s 37f2a764-1e0a-37f9-a116-df5ffd75c564
|i 68f31087-ffc3-3404-a8e2-53c2e2d71119
|t 0
|
| 952 |
f |
f |
|p ric
|a Texas A&M University
|b Rellis Campus
|c Joint Library Facility
|d Remote Storage
|t 0
|e DT779.8.L8 C3
|h Library of Congress classification
|i unmediated -- volume
|m A14800664063
|
| 998 |
f |
f |
|a DT779.8.L8 C3
|t 0
|l Remote Storage
|